MDQL
is popping MORE tags! Check the
thread
!
Quizzes
Events
Quiz Creation
Community
Videos
Private Events
Remove Ads
Sign In
Join for FREE
Feedback
Dark Mode
Quiz Categories
Sports
Geography
Music
Movies
Television
Just For Fun
Miscellaneous
History
Literature
Language
Science
Gaming
Entertainment
Religion
Holiday
For Kids
Quiz Lab
Recent
Popular Today
Quiz Kudos Today
Editor Picks
Curator Picks
Quizzes by...
Day
Popularity
Type
Ratings
Length
Year
Community
Subscriptions
Recent Discussions
Orange Saloon
Badges
Playlists
Quests
Create
Leaderboards
Showdown
Live 5
Trivia Bingo
Activity
Puzzle Library
Sporcle Events
Private Events
Virtual Trivia
Globe League
Become a Host
Pub Owners
SporcleCon
Opinionation
Our Games
Videos
Blog
Mobile Apps
Partnerships
Remove Ads and Go Orange
Feedback
Sports
Athletes
MLB
NBA
NHL
NFL
Soccer
Sports Teams
WWE
NCAA
Football
Premier League
Basketball
Baseball
Hockey
Golf
Tennis
Cricket
Rugby
Auto Racing
Olympics
World Cup
Sports
Athletes
MLB
NBA
NHL
NFL
Soccer
Sports Teams
WWE
NCAA
Football
Premier League
Basketball
Baseball
Hockey
Golf
Tennis
Cricket
Rugby
Auto Racing
Olympics
World Cup
Random Quiz
Search Sporcle
×
Quiz Lab
Quiz Lab
Sports
WWE
Type in answers that appear in a list
Type in answers that appear in a list
Classic
Best Score? Go Orange.
Every WWE Match: January 2012 Stats
Can you name the superstars in every match in WWE during January of 2012?
By
djohnson87
6m
88 Questions
817 Plays
817 Plays
817 Plays
Comments
Comments
Give Quiz Kudos
Give Quiz Kudos
-
- Ratings
hide this ad
More Info
Replay
Link that replays current quiz
Next Quiz
Link to next quiz in quiz playlist
You Got
0%
They Got
Avg Score
86%
Avg Friend Score
Upgrade to see
Score Distribution
Jump to the score distribution portion of the page
Score
0/88
Timer
06:00
0
Plays Today
Show
Match
% Correct
Jan. 2 -
RAW
John Cena, Big Show, & Zack Ryder vs. Jack Swagger & Mark Henry
99.3%
Jan. 23 -
RAW
Dolph Ziggler & Jack Swagger vs. CM Punk & John Cena
99.3%
Jan. 29 -
Royal Rumble
John Cena vs. Kane
98.9%
Jan. 9 -
RAW
John Cena vs. Dolph Ziggler
98.8%
Jan. 16 -
RAW
David Otunga, Dolph Ziggler, & Mark Henry vs. CM Punk, Chris Jericho, & Daniel Bryan
98.8%
Jan. 30 -
RAW
Daniel Bryan vs. CM Punk
98.4%
Jan. 29 -
Royal Rumble
30-Man Royal Rumble
97.9%
Jan. 29 -
Royal Rumble
Daniel Bryan vs. Big Show vs. Mark Henry
97.6%
Jan. 2 -
RAW
Dolph Ziggler vs. CM Punk
97.4%
Jan. 9 -
RAW
CM Punk vs. Jack Swagger
97.4%
Jan. 29 -
Royal Rumble
CM Punk vs. Dolph Ziggler
97.4%
Jan. 23 -
RAW
CM Punk vs. David Otunga
97.1%
Jan 6 -
Smackdown
Daniel Bryan vs. Big Show
96.6%
Jan. 13 -
Smackdown
Daniel Bryan vs. Big Show
96.6%
Jan. 23 -
RAW
CM Punk vs. John Laurinaitis
96.5%
Jan. 9 -
RAW
Daniel Bryan vs. Kofi Kingston
96.3%
Jan. 20 -
Smackdown
Daniel Bryan vs. Mark Henry
96.3%
Jan. 2 -
RAW
Daniel Bryan vs. Cody Rhodes
96.1%
Jan. 27 -
Smackdown
Big Show vs. Mark Henry
96.1%
Jan. 16 -
RAW
R-Truth vs. Sheamus vs. The Miz vs. Wade Barrett
95.8%
Jan. 9 -
RAW
Santino Marella & Sheamus vs. Jinder Mahal & Wade Barrett
95.7%
Jan. 30 -
RAW
Randy Orton vs. Dolph Ziggler
95.7%
Jan. 27 -
Smackdown
Randy Orton vs. Wade Barrett
95.5%
Jan. 20 -
Smackdown
Wade Barrett vs. Sheamus
94.7%
Jan. 16 -
RAW
Jack Swagger vs. Zack Ryder
94.1%
Jan. 23 -
RAW
Kane vs. Zack Ryder
94.1%
Jan. 2 -
RAW
Wade Barrett vs. Santino Marella
94%
Jan. 13 -
Smackdown
Sheamus vs. Jinder Mahal
93.9%
Jan. 23 -
RAW
Sheamus vs. Jinder Mahal
93.9%
Jan. 27 -
Smackdown
Sheamus vs. Drew McIntyre
93.6%
Show
Match
% Correct
Jan. 12 -
Superstars
Wade Barrett vs. Yoshi Tatsu
93%
Jan. 20 -
Smackdown
Cody Rhodes vs. Justin Gabriel
92.9%
Jan. 27 -
Smackdown
Cody Rhodes vs. Justin Gabriel
92.9%
Jan. 13 -
Smackdown
Cody Rhodes vs. Ezekiel Jackson
92.8%
Jan 6 -
Smackdown
Cody Rhodes vs. Booker T
92.4%
Jan. 30 -
RAW
Kofi Kingston vs. The Miz
91.8%
Jan. 19 -
Superstars
Mason Ryan & Santino Marella vs. Curt Hawkins & Tyler Reks
91.7%
Jan. 27 -
Smackdown
Primo & Epico vs. Santino Marella & Yoshi Tatsu
91.6%
Jan. 23 -
RAW
Brodus Clay vs. Heath Slater
91.4%
Jan. 26 -
Superstars
Jinder Mahal vs. Tyson Kidd
90.6%
Jan. 29 -
Royal Rumble
Brodus Clay vs. Drew McIntyre
90.6%
Jan 6 -
Smackdown
Primo & Epico vs. Air Boom
90.5%
Jan 6 -
Smackdown
Santino Marella vs. Drew McIntyre
90.3%
Jan. 20 -
Smackdown
Santino Marella vs. Drew McIntyre
90.3%
Jan. 13 -
Smackdown
David Otunga vs. Santino Marella
90.2%
Jan. 13 -
Smackdown
Brodus Clay vs. Tyson Kidd
90.2%
Jan. 19 -
Superstars
Jinder Mahal vs. Alex Riley
89.7%
Jan. 9 -
RAW
Brodus Clay vs. Curt Hawkins
89.5%
Jan. 26 -
Superstars
Kofi Kingston vs. Michael McGillicutty
89.4%
Jan. 16 -
RAW
Brodus Clay vs. JTG
89.1%
Jan. 27 -
Smackdown
Brodus Clay vs. Alex Riley
89.1%
Jan. 30 -
RAW
Brodus Clay vs. Tyler Reks
89.1%
Jan. 11 -
NXT
The Usos vs. JTG & Tyson Kidd
88.6%
Jan. 25 -
NXT
Heath Slater vs. Trent Barreta
88.1%
Jan. 5 -
Superstars
Jinder Mahal vs. Ezekiel Jackson
87.6%
Jan. 5 -
Superstars
Yoshi Tatsu vs. Tyson Kidd
87.6%
Jan. 18 -
NXT
Curt Hawkins & Tyler Reks vs. Trent Barreta & Yoshi Tatsu
87.4%
Jan. 13 -
Smackdown
Justin Gabriel vs. Heath Slater
87.3%
Jan. 25 -
NXT
The Usos vs. Curt Hawkins & Tyler Reks
87%
Jan. 18 -
NXT
Percy Watson vs. Heath Slater
86.4%
Show
Match
% Correct
Jan. 23 -
RAW
R-Truth vs. The Miz
86.2%
Jan. 13 -
Smackdown
Ted DiBiase vs. Drew McIntyre
85.9%
Jan 6 -
Smackdown
Hornswoggle vs. Heath Slater
85.7%
Jan. 11 -
NXT
Johnny Curtis vs. Alex Riley
83.6%
Jan. 4 -
NXT
Alex Riley vs. Michael McGillicutty
83.4%
Jan. 4 -
NXT
Trent Barreta vs. Curt Hawkins
83.2%
Jan. 5 -
Superstars
Mason Ryan vs. JTG
82.1%
Jan. 12 -
Superstars
Evan Bourne vs. Michael McGillicutty
82.1%
Jan. 5 -
Superstars
Evan Bourne vs. Epico
82%
Jan. 11 -
NXT
Trent Barreta vs. Tyler Reks
82%
Jan 6 -
Smackdown
Hunico vs. Ted DiBiase
75.5%
Jan. 20 -
Smackdown
Ted DiBiase vs. Hunico
75.5%
Jan. 27 -
Smackdown
Hunico vs. Ted DiBiase
75.5%
Jan. 29 -
Royal Rumble
Evil Divas vs. Good Divas
74.9%
Jan. 2 -
RAW
Bella Twins vs. Eve & Kelly Kelly
74.2%
Jan. 25 -
NXT
Titus O'Neil vs. Percy Watson
73.1%
Jan. 18 -
NXT
Titus O'Neil vs. Darren Young
72.9%
Jan. 16 -
RAW
Alicia Fox & Kelly Kelly vs. Bella Twins
72.8%
Jan. 12 -
Superstars
Brie Bella vs. Kelly Kelly
72.6%
Jan. 26 -
Superstars
Beth Phoenix vs. Brie Bella
72%
Jan. 4 -
NXT
Darren Young vs. Derrick Bateman
71.6%
Jan. 30 -
RAW
Beth Phoenix vs. Eve
71.4%
Jan. 11 -
NXT
Alicia Fox vs. Maxine
53.5%
Jan. 4 -
NXT
Maxine vs. Kaitlyn
51.5%
Jan 6 -
Smackdown
Tamina vs. Natalya
45.5%
Jan. 13 -
Smackdown
Tamina vs. Natalya
45.5%
Jan. 19 -
Superstars
Tamina vs. Natalya
45.5%
Jan. 27 -
Smackdown
Aksana vs. Natalya
45.5%
Quiz Playlist
Details
Report
Send in Message
Add To Playlist
More Info:
Televised/Internet show matches only. Televised PPV Pre-show matches count. Just name one of the superstars in the match to get an answer.
Classic:
Type in answers that appear in a list
Quiz Source
Last Updated: Jul 25, 2017
Quiz Scoreboard
CHALLENGE
Sign Up to Join the Scoreboard
Show All
Scores
Hide
Comments
May contain spoilers
Recently Published
1-10 Letter E Words III
by El_Dandy
Language
2m
Street Fighter Characters
by Artimus82
Gaming
60s
College Basketball Coaching Resumes
by pancakes188
Sports
9m
More to Explore
Quiz From the Vault
Featured Blog Post
Where Did the Easter Bunny Come From?
hide this ad
You Might Also Like...
Tags
WWE Quiz
2012
January
NXT
Raw
Smackdown
Today's Top Quizzes in Sports
Browse Sports
hide this ad
Today's Top Quizzes in WWE
Browse WWE
Top Contributed Quizzes in Sports
1
2022 World Cup Stars
2
Les meilleurs buteurs des matchs entre le PSG et l’OM
3
FIFA Club World Cup Champions
4
Les entraîneurs de l'OM et du PSG au 21e siècle
5
Criteria MLB: Left Handed Sluggers
6
2023 MLB Unique Player Accomplishments
7
AFC Teams Reveal (Wrong Answers Minefield)
8
Players with Multiple 50 Home Run Seasons
9
5-to-1: FBS Animal Nicknames
10
5-to-1: UK Sports Teams
Explore More
Trending Topics
Disney
Anime
Kpop
NBA
Marvel
Crossword
Harry Potter
Pokémon
WWE
Song
Soccer
The Office
Puzzle
NFL
Country
hide this ad
More By:
djohnson87
Quiz
Plays
Rating
Category
Featured
Created
NBA Top 10 (2000s)
605,426
4.47
Sports
Nov 15, 2009
NFL 100 Yard Rushers (2008)
199,831
4.23
Sports
Nov 9, 2009
NBA Top 10 (1990s)
163,052
4.51
Sports
Apr 4, 2010
NBA Playoffs Top 10 (2000s)
141,175
4.71
Sports
Jun 6, 2015
John Cena PPV Opponents
118,456
4.34
Sports
Dec 13, 2009
Go to Creator's Profile
Score Distribution
Quiz Creator Spotlight
djohnson87
Follow
Send a Message
Quizzes Created
-
Created Quiz Play Count
-
More By This Creator
Popular Quizzes Today
1
Find the US States - No Outlines Minefield
2
Find the Countries of Europe - No Outlines Minefield
3
The Countries of the World
4
Find the US States
5
Risky Map Clicking: Biggest States A-Z
6
US States
7
Popular People in 1961
8
Movies - When Are They Set?
More Sports Quizzes
Premier League 'Big Six' Scorers at Man City in 2010s
Quiz Lab
Trending Quizzes
Risky Map Clicking: Least Populous States A-Z
1-10 Letter G Words
USA Borders Longest to Shortest
1-10 Letter F Words
Countries of the World: 200 Million BC
Recently Updated
Leaping Animals
pecheneg
Reality TV Shows (A-Z)
bhenderson79
Rickey Henderson's Hall of Fame Teammates
pecheneg
Champions League XIs: Arsenal
pecheneg
Quick Pick: Celebrities in WWE's Hall of Fame
aduchscher
A-Z Keypad Blitz II
pecheneg
Multiple Oscar Actors
pecheneg
Mystery Phrase Blitz: Oscar 'Best Actors'
pecheneg
F. Scott Fitzgerald Novels
LTH
Pick 3 Villains
ddd62291
Trending Topics
NBA
Crossword
Anime
Kpop
Disney
Harry Potter
Marvel
Soccer
Song
Puzzle
Country
NFL
Pokémon
The Office
WWE
Your Account Isn't Verified!
In order to create a playlist on Sporcle, you need to verify the email address you used during registration. Go to your
Sporcle Settings
to finish the process.
Report this User
Report this user for behavior that violates our
Community Guidelines
.
Details:
Send Report
Go to the Sporcle.com Mobile Site →
Comments